|
|
|
|
| LEADER |
01402nam a2200301 u 4500 |
| 001 |
10024119 |
| 003 |
upatras |
| 005 |
20210419190110.0 |
| 008 |
980616s1967 uk eng |
| 952 |
|
|
|0 0
|1 0
|4 0
|6 551_563000000000000_CHA
|7 0
|9 193068
|a PHYS
|b PHYS
|d 2016-04-24
|i 00104
|l 0
|o 551.563 CHA
|p 025000022153
|r 2016-04-24 00:00:00
|t 1
|w 2016-04-24
|y BK15
|
| 952 |
|
|
|0 0
|1 0
|4 0
|6 551_563000000000000_CHA
|7 0
|9 193069
|a PHYS
|b PHYS
|d 2016-04-24
|i 02639
|l 0
|o 551.563 CHA
|r 2016-04-24 00:00:00
|t 2
|w 2016-04-24
|y BK15
|
| 999 |
|
|
|c 118395
|d 118395
|
| 040 |
|
|
|a GR-PaULI
|c GR-PaULI
|
| 041 |
0 |
|
|a eng
|
| 082 |
0 |
4 |
|a 551.563
|
| 100 |
1 |
|
|a Chalmers, J. Alan
|9 150399
|
| 245 |
1 |
0 |
|a Atmospheric electricity /
|c J. Alan Chalmers.
|
| 250 |
|
|
|a 2nd ed.
|
| 260 |
|
|
|a Oxford :
|b Pergamon Press,
|c 1967.
|
| 300 |
|
|
|a x, 515 σ. :
|b εικ. ;
|c 22 εκ
|
| 490 |
0 |
|
|a International series of monographs in natural philosophy ;
|v v.11
|
| 504 |
|
|
|a Περιλαμβάνει βιβλιογραφικές παραπομπές και ευρετήριο.
|
| 650 |
|
4 |
|a Ατμοσφαιρικός ηλεκτρισμός
|9 150400
|
| 650 |
|
4 |
|a Μετεωρολογία
|9 2577
|
| 760 |
1 |
|
|a International series of monographs in natural philosophy
|g v.11
|
| 852 |
|
|
|a GR-PaULI
|b ΠΑΤΡΑ
|b ΦΥΣΙΚΟ
|k ΑΕΧ-1
|h 551.563 CHA
|m 00104
|p 025000022153
|t 1
|
| 852 |
|
|
|a GR-PaULI
|b ΠΑΤΡΑ
|b ΦΥΣΙΚΟ
|k ΑΕΧ-1
|h 551.563 CHA
|m 02639
|t 2
|
| 942 |
|
|
|2 ddc
|c BK15
|